• 首页
  • 本馆介绍
  • 公告通知
  • 最新文献
  • 馆藏检索
  • 电子资源
  • 读者导购
  • 参考咨询
  • 我的图书馆
  • 登录
  • 详细信息显示
  • 放入我的书架
  • 预约/预借图书
  • 作者相关作品
  • 分类相关作品
  • 丛书相关作品
  • 出版社相关作品

书目信息

  • 表格格式
  • 工作单格式
  • 卡片格式
题名:
中华人民共和国第一届全国人民代表大会第三次会议汇刊
    
 
作者: ;中华人民共和国第一届全国人民代表大会第三次会议秘书处 编
分册:  
出版信息: 北京   人民出版社  1957
页数: 915页
开本: 20cm
丛书名:
单 册:
中图分类: D622
科图分类:
主题词: 政治--中国
电子资源:
ISBN:
000 00901nam0 2200193 450
001 0639252109
005 20060911105600.70
010    @b精装@dCNY3.80
100    @a20060911d1957 km y0chiy0120 ea
101 0  @achi
102    @aCN@b110000
200 1  @a中华人民共和国第一届全国人民代表大会第三次会议汇刊@Azhong hua ren min gong he guo di yi jie quan guo ren min dai biao da hui di san ci hui yi hui kan@f中华人民共和国第一届全国人民代表大会第三次会议秘书处编@Fzhong hua ren min gong he guo di yi jie quan guo ren min dai biao da hui di san ci hui yi mi shu chu bian
210    @a北京@c人民出版社@d1957
215    @a915页@d20cm
606 0  @a政治@x中国
690    @aD622@v3
711  0 @a中华人民共和国第一届全国人民代表大会第三次会议秘书处@Azhong hua ren min gong he guo di yi jie quan guo ren min dai biao da hui di san ci hui yi mi shu chu@4编
801  0 @aCN@bPFT@c20060911
905    @a10447@dD622@e2:1(3)
    
    中华人民共和国第一届全国人民代表大会第三次会议汇刊/中华人民共和国第一届全国人民代表大会第三次会议秘书处编.-北京:人民出版社,1957
    915页;20cm
    
    
    ISBN (精装):CNY3.80
    
●
相关链接 在E读中查询图书 在五车中查询图书 在当当中查询图书 在豆瓣中查询图书


正题名:中华人民共和国第一届全国人民代表大会第三次会议汇刊     索取号:D622/2:1(3)         预约/预借

序号 登录号 条形码 馆藏地/架位号 状态 备注
1 0471910   204719108   密集书库/ [索取号:D622/2:1(3)] 在馆    
唐山师范学院图书馆 欢迎您!
大连网信软件有限公司© 版权所有